Tennis féminin - Les finalistes de grand chelem depuis 2000 - Statistiques

Statistiques générales
  • Ce quiz a été pris 169 fois
    158 depuis la dernière actualisation
  • Le résultat moyen est 59 sur 99
Statistiques - réponses
Année Grand chelem Finaliste % Correct
2002 Roland-Garros Venus Williams
88%
2002 Wimbledon Venus Williams
88%
2002 US Open Venus Williams
88%
2003 Open d'Australie Venus Williams
88%
2003 Wimbledon Venus Williams
88%
2009 Wimbledon Venus Williams
88%
2017 Open d'Australie Venus Williams
88%
2017 Wimbledon Venus Williams
88%
2001 US Open Serena Williams
86%
2004 Wimbledon Serena Williams
86%
2008 Wimbledon Serena Williams
86%
2011 US Open Serena Williams
86%
2016 Open d'Australie Serena Williams
86%
2016 Roland-Garros Serena Williams
86%
2018 Wimbledon Serena Williams
86%
2018 US Open Serena Williams
86%
2019 Wimbledon Serena Williams
86%
2019 US Open Serena Williams
86%
2023 US Open Sabalenka
84%
2001 Wimbledon Henin
78%
2006 Open d'Australie Henin
78%
2006 Wimbledon Henin
78%
2006 US Open Henin
78%
2010 Open d'Australie Henin
78%
2022 Roland-Garros Gauff
77%
2007 Open d'Australie Sharapova
77%
2011 Wimbledon Sharapova
77%
2012 Open d'Australie Sharapova
77%
2013 Roland-Garros Sharapova
77%
2015 Open d'Australie Sharapova
77%
2001 Roland-Garros Clijsters
70%
2003 Roland-Garros Clijsters
70%
2003 US Open Clijsters
70%
2004 Open d'Australie Clijsters
70%
2014 Roland-Garros Halep
69%
2017 Roland-Garros Halep
69%
2018 Open d'Australie Halep
69%
2015 Wimbledon Muguruza
65%
2020 Open d'Australie Muguruza
65%
2022 Wimbledon Jabeur
62%
2022 US Open Jabeur
62%
2023 Wimbledon Jabeur
62%
2012 US Open Azarenka
59%
2013 US Open Azarenka
59%
2020 US Open Azarenka
59%
2005 Roland-Garros Pierce
59%
2005 US Open Pierce
59%
2007 Wimbledon Bartoli
58%
2023 Open d'Australie Rybakina
58%
2007 Roland-Garros Ivanović
57%
2008 Open d'Australie Ivanović
57%
2019 Open d'Australie Kvitová
57%
2009 US Open Wozniacki
55%
2014 US Open Wozniacki
55%
2016 Wimbledon Kerber
54%
2024 Roland-Garros Paolini
54%
2024 Wimbledon Paolini
54%
2000 Wimbledon Davenport
53%
2000 US Open Davenport
53%
2005 Open d'Australie Davenport
53%
2005 Wimbledon Davenport
53%
2021 US Open Fernandez
53%
2017 US Open Keys
53%
2010 Roland-Garros Stosur
53%
2011 Roland-Garros Schiavone
51%
2006 Roland-Garros Kuznetsova
50%
2007 US Open Kuznetsova
50%
2024 US Open Pegula
50%
2000 Open d'Australie Hingis
49%
2001 Open d'Australie Hingis
49%
2002 Open d'Australie Hingis
49%
2019 Roland-Garros Vondroušová
49%
2008 US Open Janković
47%
2008 Roland-Garros Safina
47%
2009 Open d'Australie Safina
47%
2009 Roland-Garros Safina
47%
2020 Roland-Garros Kenin
46%
2011 Open d'Australie Li Na
46%
2013 Open d'Australie Li Na
46%
2023 Roland-Garros Muchová
46%
2018 Roland-Garros Stephens
46%
2024 Open d'Australie Zheng
45%
2004 Roland-Garros Dementieva
43%
2004 US Open Dementieva
43%
2016 US Open Plíšková
43%
2021 Wimbledon Plíšková
43%
2012 Roland-Garros Errani
42%
2000 Roland-Garros Martínez
35%
2013 Wimbledon Lisicki
34%
2015 US Open Vinci
34%
2021 Roland-Garros Pavlyuchenkova
31%
2022 Open d'Australie Collins
28%
2014 Wimbledon Bouchard
27%
2015 Roland-Garros Šafářová
27%
2012 Wimbledon Radwańska
26%
2010 Wimbledon Zvonareva
24%
2010 US Open Zvonareva
24%
2014 Open d'Australie Cibulková
23%
2021 Open d'Australie Brady
20%
Aucun quiz correspondant
Distribution des résultats
% des personnes avec chaque résultat
Percentile par nombre de réponses
Votre historique - résultats
Vous n’avez pas pris ce quiz depuis la dernière actualisation